Flags of Countries who Hosted the Summer Olympics - Statistics

General Stats
  • This quiz has been taken 193 times
  • The average score is 19 of 20
Answer Stats
Picture Hint Answer % Correct
1900 France
99%
1908, 1948, 2012 United Kingdom
99%
1972 Germany
98%
1896, 2004 Greece
98%
1912 Sweden
98%
1904, 1984, 1996 United States
98%
1964 Japan
96%
1956, 2000 Australia
95%
1920 Belgium
95%
2016 Brazil
95%
1976 Canada
95%
2008 China
95%
1968 Mexico
95%
1988 South Korea
95%
1992 Spain
95%
1960 Italy
94%
1952 Finland
93%
1924 Netherlands
92%
1980 Soviet Union
85%
1928 Nazi Germany
80%
No matching quizzes found
Score Distribution
Percent of People with Each Score
Percentile by Number Answered
Your Score History
You have not taken this quiz